000 00338nam a2200109Ia 4500
008 200302s9999 xx 000 0 und d
100 _aAlain Durand-Lasserve and Other
245 _aHolding Their Ground Secure Land Tenure for the Urban Poor in Developing Countries
260 _bEarthScan Publications Ltd.
260 _c2002
300 _a264
999 _c5333
_d5333